An analysis of the impact of revenue collection mechanisms on human security in Zambia : experiences of urban markets on the Copperbelt province (Record no. 34322)

MARC details
000 -LEADER
fixed length control field 00809nam a2200169 a 4500
008 - FIXED-LENGTH DATA ELEMENTS--GENERAL INFORMATION
fixed length control field 210607s2014 ||||||||||||||||| || u
050 ## - LIBRARY OF CONGRESS CALL NUMBER
Classification number CBU-PG THESIS/NGA
100 ## - MAIN ENTRY--PERSONAL NAME
Personal name NG'AMBI, VYATOWA MUNGO
245 13 - TITLE STATEMENT
Title An analysis of the impact of revenue collection mechanisms on human security in Zambia : experiences of urban markets on the Copperbelt province
Statement of responsibility, etc. By Vyatowa Mungo-Ng'ambi
260 ## - PUBLICATION, DISTRIBUTION, ETC.
Place of publication, distribution, etc. Kitwe
Name of publisher, distributor, etc. Copperbelt University
Date of publication, distribution, etc. 2014
300 ## - PHYSICAL DESCRIPTION
Extent xv, 83 pages : illustration
500 ## - GENERAL NOTE
General note Includes References
650 ## - SUBJECT ADDED ENTRY--TOPICAL TERM
Topical term or geographic name entry element TAX COLLECTION--HUMAN SECURITY--ZAMBIA
650 ## - SUBJECT ADDED ENTRY--TOPICAL TERM
Topical term or geographic name entry element TAX ADMINISTRATION--ZAMBIA--SOCIAL CONDITION
650 ## - SUBJECT ADDED ENTRY--TOPICAL TERM
Topical term or geographic name entry element FINANCE--PUBLIC--SOCIAL CONDITONS
995 ## - RECOMMENDATION 995 [LOCAL, UNIMARC FRANCE]
-- CBU-MAIN LIBRARY (Kitwe)
-- 1
-- AVAILABLE
-- Jun 7, 2021
-- University Collection
Holdings
Withdrawn status Lost status Source of classification or shelving scheme Damaged status Not for loan Home library Current library Shelving location Date acquired Total Checkouts Full call number Barcode Date last seen Price effective from Koha item type
          CBU-MAIN LIBRARY, KITWE. CBU-MAIN LIBRARY, KITWE.   11/30/2022   CBU-PG THESIS/NGA B4468 11/30/2022 11/30/2022 MONOGRAPH